| 000 | 00557nam a22001577a 4500 | ||
|---|---|---|---|
| 003 | ASAB | ||
| 005 | 20180827062834.0 | ||
| 008 | 180510t xxu||||| |||| 00| 0 eng d | ||
| 040 | _cASAB | ||
| 100 |
_aHabiba Rashid- Sup-Dr. Muhammad Ashraf _93855 |
||
| 245 |
_aTH-MS-Identification of CMV Seroprevalence in Pakistani Population and Cloning of Cell Surface Receptor for CMV _cHabiba Rashid- Sup-Dr. Muhammad Ashraf |
||
| 260 |
_aIslamabad _bASAB (NCVI) _c2012 |
||
| 300 |
_axvii, 73 P _b30 cm |
||
| 630 |
_aVirology and Immunology _93856 |
||
| 942 |
_2ddc _cTH |
||
| 999 |
_c480828 _d480828 |
||